TFA Recruits by College Quiz Stats

 Plays Quiz Updated Jan 26, 2012

Score 0/20 Timer 05:00
0 Plays Today
Recruits College % Correct
55Harvard University
91.9%
53Yale University
87.3%
37University of Pennsylvania
67.7%
40Brown University
66.6%
71University of Texas
66.4%
80University of Michigan
65.9%
42University of Southern California
58.7%
66Cornell University
58.2%
42Columbia University
58.1%
62University of California, Berkeley
56.1%
Recruits College % Correct
55University of North Carolina
53.2%
37University of Washington
49.1%
52University of Virginia
48.8%
56University of Wisconsin-Madison
41.7%
37University of Illinois
41.3%
45Georgetown University
38.7%
42Northwestern University
36.6%
37University of Minnesota
32.7%
43Brigham Young University
19.9%
36College of William and Mary
12.7%

You're not logged in!

Compare scores with friends on all Sporcle quizzes.
OR
Log In

Sporcle TV

Today on Sporcle TV


Watch our educational content, quiz creation guides, and fun videos on Sporcle TV.

Show Comments

Extras

Top Quizzes Today


Score Distribution

Your Account Isn't Verified!

In order to create a playlist on Sporcle, you need to verify the email address you used during registration. Go to your Sporcle Settings to finish the process.

Report this User

Report this user for behavior that violates our Community Guidelines.

Details: